000 01418cam a2200349 a 4500
005 20260322212041.0
008 data
010 _a 89031796
020 _a0870995499 :
_c{dollar}22.50
020 _a0684191423 (Scribner)
020 _a9780684191423 (Scribner)
020 _a9780870995491 :
_c{dollar}22.50
040 _aDLC
_cDLC
_dDLC
043 _an-us-ny
050 0 0 _aN8050
_b.M48 1989
082 0 0 _a704.9/4853/0940747471
_220
092 _a704.9 M48 1989
110 2 _aMetropolitan Museum of Art (New York, N.Y.)
245 1 4 _aThe life of Christ :
_bimages from the Metropolitan Museum of Art /
_cMetropolitan Museum of Art (New York, N.Y.) & Barbara Burn.
260 _aNew York :
_bC. Scribner,
_bC. Scribner,
_cc1989.
300 _a95 p. :
_bcol. ill. ;
_c30 cm.
500 _aCompanion volume to The Christmas story published by Metropolitan Museum of Art.
600 0 0 _aJesus Christ
_xCatalogs.
_xCatalogs.
610 2 0 _aMetropolitan Museum of Art (New York, N.Y.)
_xCatalogs.
650 0 _aArt
_zNew York
_zNew York
_xCatalogs.
700 1 _aBurn, Barbara,
_d1940-
906 _a7
_bcbc
_corignew
_d1
_eocip
_f19
_gy-gencatlg
991 _bc-GenColl
_hN8050
_i.M48 1989
_tCopy 1
_wBOOKS
991 _bc-GenColl
_hN8050
_i.M48 1989
_p00011175594
_tCopy 2
_wCCF
001 data
999 _c972
_d972